| 000 | 00701nam a22001937a 4500 | ||
|---|---|---|---|
| 005 | 20251216112337.0 | ||
| 010 | _aENG-147307 | ||
| 020 |
_a9788194530534 _c1200.00 |
||
| 035 | _aEN-130839 | ||
| 037 | _bDBAD | ||
| 082 |
_a658.3 _21 |
||
| 245 |
_aBuilding sustainability in India's North Eastern : _bchallenges and opportunities / _cEdited by - Sabyasachi Mahanta [and] Rimjim Borah |
||
| 260 |
_aAssam _bGargaon Collega, Simaluguri Sivasagar _c2025 |
||
| 270 |
_aGurgaon College, Simaluguri Sivasagar, _bAssam _e785686 |
||
| 300 |
_a301p. _c22cm(hb) |
||
| 700 |
_aBorah, Rimjim _984700 _eEditor |
||
| 700 |
_aMahanta, Sabyasachi _eEditor _986107 |
||
| 942 |
_2ddc _cEN _h658.3 _mBUI |
||
| 999 |
_c213939 _d213939 |
||